000 00265nam a22001217a 4500
008 170602b xxu||||| |||| 00| 0 eng d
041 _aeng
080 _a94(4)
100 _a17
101 _aSHH
245 _aA HISTORY OF EUROPE
_cSCHEVIL.F
942 _2udc
_cBK
999 _c15542
_d15542